Neymar Filmography - Statistics

General Stats
  • This quiz has been taken 23 times
    4 since last reset
  • The average score is 1 of 23
Answer Stats
Type Year Name % Correct
Web Series 2019 Money Heist
50%
Documentary Mini-Series 2022 Neymar: The Perfect Chaos
50%
Commercial 2018 Nike
25%
Documentary Mini-Series 2024 Ángel Di María: Breaking Down the Wall
0%
Documentary 2024 Arda Turan: Confrontation
0%
Documentary Mini-Series 2023 Beckham
0%
Documentary Mini-Series 2023 Captains of the World
0%
TV Show 2012 Carrossel
0%
Documentary Series 2025 Copa América 2024: El Legado
0%
TV Show 2012 (fdp)
0%
Commercial 2016 Gillette
0%
Documentary TBA Monstro
0%
Short Documentary 2021 Neymar Jr. and the Line of Kings
0%
Documentary Series 2014 Neymar Jr.'s Life Outside the Fields
0%
Film 2017 Os Parças
0%
TV Show 2015 Rules of the Game
0%
Documentary Series 2024 Saudi Pro League: Kickoff
0%
Short Film 2024 Scram 2
0%
Commercial 2019 SFR TV
0%
Web Series 2023 The Kardashians
0%
TV Show 2018 The Voice Kids
0%
Film 2017 xXx: Return of Xander Cage
0%
TV Show 1995-1996, 2011 Young Hearts
0%
No matching quizzes found
Score Distribution
Percent of People with Each Score
Percentile by Number Answered
Your Score History
You have not taken this quiz since the last reset